000 00695nam a22001937a 4500
005 20251108170851.0
008 250721s1994 xx 000 0 ara d
082 1 4 _a210.973/مؤت
100 1 _aحداد، إيفون يزبك
_eتحرير
111 2 _aمؤتمر المسلمون في أمريكا ( 1989 : أمهريست )
245 1 0 _aالمسلمون في أمريكا :
_bأوراق عمل مؤتمر المسلمون في أمريكا /
264 1 _aالقاهرة :
_bمركز الأهرام للترجمة و النشر،
_c1994.
300 _a303ص
650 1 7 _aالإسلام
650 1 7 _aأمريكا
650 1 7 _aالمسلمون
942 _2ddc
_cBK
999 _c50903
_d50903